01326nam a2200325Ic 450000100060000000300100000600500170001600700030003300800410003602000180007704000350009504100080013008400060013824502070014425000230035126400460037430000510042033600270047133700330049833800280053149000830055950000640064265000480070665000570075465000640081165000630087570000300093894200150096899900170098360763CO-BoRNBP20260317220919.0ta200115s2019 ck 000 0 spa d a9789585241022 aCO-BoRNBPbspaerdacCO-BoRNBP aspa aP00aNidos que arrullan :bnanas, cantos y arrullos de América Latina /cselección Cintia Roberts ; ilustraciones Laura Varsky ; música Teresa Usandivaras y Pablo Spiller ; voz invitada Laura Devetach. aEdición especial 1aBogotá, Colombia :bAS Ediciones,c2019 a43 páginas :bilustraciones en color +e1 CD 2rdacontentatextobtxt 2rdamediaasin mediaciónbn 2rdacarrieravolumenbnc0 aPlan Nacional de Lectura y Escritura Leer es mi cuento / Ministerio de Cultura aIncluye CD con música Teresa Usandivaras y Pablo Spiller07aCanciones de cunavColecciones2lemb96377417aCanciones LatinoamericanasvColecciones2lemb96377517aPoesía infantil latinoamericanavColecciones2rnbp96377617aTradición oral latinoamericanavColecciones2lemb96377710aVarsky, Lauraeill963779 2loccBKINF c60763d60763